000 00522 a2200169 4500
003 OSt
005 20231218122822.0
008 231218b |||||||| |||| 00| 0 eng d
020 _a9788170557449
040 _coclc
082 _a891.43
_bSHA/G
100 _aSharma, Ramvilas
_9171
245 _aGANDHI, AMBEDKAR, LOHIA AUR BHARTIYA ITIHAS KI SAMASYAEN /
_cDr. Ramvilas Sharma
260 _aNew Delhi:
_bVani Prakashan,
_c2022.
300 _a786p
942 _2ddc
_cBK
_h891.43
_iSHA/G
_k891.43
_mSHA/G
999 _c43461
_d43461